000 00453nam a2200181Ia 4500
005 20250326125726.0
008 250326s9999 xx 000 0 und d
037 _aTextbook
040 _aFMSL
_beng
_cFMSL
041 _aeng
_2eng
084 _qFMSL
100 _aHurby M E
_9739562
245 0 _aBusiness administration
_cHurby M E
260 _aNew Delhi
_bNew Delhi, P H
_c1964
300 _a489p
942 _cTB
999 _c1279293
_d1279293